Harga Diri
| Main Author: | |
|---|---|
| Format: | Book |
| Language: | English |
| Published: |
Pulau Pinang :
Rhythm Publishing ,
2005
|
| Subjects: |
MARC
| LEADER | 00000cam a2200000 7i4500 | ||
|---|---|---|---|
| 001 | 0000026768 | ||
| 005 | 20160323.0 | ||
| 008 | 22032016 my # eng | ||
| 020 | |a 9831874153 | ||
| 040 | |a INS | ||
| 090 | 0 | 0 | |a PL5186 |b C87 2005 |
| 100 | 1 | |a CT Rohany Abu | |
| 245 | 1 | 0 | |a Harga Diri |c CT Rohany Abu |
| 260 | |a Pulau Pinang : |b Rhythm Publishing , |c 2005 | ||
| 300 | |a 418ms ; |c 18cm. | ||
| 650 | 0 | |a Malay fiction | |
| 999 | |a 1000002993 |b BOOK |c Open Shelf |e Default branch | ||